[Event "Mumbai Mayors Cup 1st"]
[Site "Mumbai"]
[Date "2008.05.12"]
[Round "2"]
[White "Ubilava, Elizbar"]
[Black "Paramasivam, M."]
[Result "1-0"]
[WhiteElo "2558"]
[BlackElo "2131"]
[PlyCount "129"]
[EventDate "2008.05.11"]
[EventType "swiss"]
[EventRounds "11"]
[EventCountry "IND"]
[SourceTitle "CBM 124 Extra"]
[Source "ChessBase"]
[SourceDate "2008.07.03"]
[SourceVersion "1"]
[SourceVersionDate "2008.07.03"]
[SourceQuality "1"]

1. d4 Nf6 2. c4 g6 3. g3 Bg7 4. Bg2 d6 5. Nf3 0-0 6. Nc3 Nbd7 7. 0-0 e5 8. e4 c6 9. Re1 exd4 10. Nxd4 Qb6 11. h3 Ne8 12. Nb3 Ne5 13. Bf1 f5 14. Be3 Qc7 15. f4 Nf7 16. exf5 Bxf5 17. Nd4 Bd7 18. Qd2 Nf6 19. Bg2 Rae8 20. Bf2 Qc8 21. Kh2 Rxe1 22. Rxe1 Re8 23. Rxe8+ Qxe8 24. b4 Bh6 25. Be3 Bg7 26. b5 Nh6 27. Bf2 Bf8 28. Qe2 Qxe2 29. Ndxe2 a6 30. bxa6 bxa6 31. Nd4 c5 32. Nb3 Be6 33. Na5 Bg7 34. Na4 Nd7 35. Bb7 Nb8 36. Nb6 Kf7 37. Nd5 Nf5 38. Nc7 Bc3 39. Nxe6 Kxe6 40. Nc6 Nxc6 41. Bxc6 Ne7 42. Bb7 a5 43. Kg2 Bb4 44. Kf3 d5 45. cxd5+ Nxd5 46. Ba6 Nf6 47. Bc4+ Kd6 48. g4 h6 49. Bf7 g5 50. fxg5 hxg5 51. Be3 Nd7 52. Ke4 Ke7 53. Bb3 Kf6 54. Kd5 Ne5 55. Bxc5 Bxc5 56. Kxc5 Ng6 57. Kb5 Nf4 58. Kxa5 Nxh3 59. Bc2 Nf2 60. Bf5 Ke5 61. a4 Nd1 62. Kb6 Ne3 63. Bc8 Kd6 64. a5 Nd5+ 65. Kb7 1-0